| 000 | 00659nam a22001937a 4500 | ||
|---|---|---|---|
| 003 | OSt | ||
| 005 | 20251106054744.0 | ||
| 008 | 250623b |||||||| |||| 00| 0 eng d | ||
| 020 | _a978-621-427-051-4 | ||
| 040 |
_aDWCL - Main lib _cOC |
||
| 082 | _aFil. 658.8 A282d 2019 | ||
| 100 | _aAgustin- Acierto, Marife | ||
| 245 |
_a Distribution management/ _cMarife Agustin-Acierto |
||
| 260 |
_aIntramuros Manila , _bUnlimited books libreary services & publishing, _cc2019. |
||
| 300 |
_aix , 159 pages : _b illustrations ; _c26cm. |
||
| 504 | _aIncludes bibliographical references | ||
| 650 | _a1. Marketing-- Management. | ||
| 942 |
_2ddc _cBK - FIL _kFil. _n0 |
||
| 999 |
_c3243 _d3243 |
||